El principito /

Guardado en:
Autor Principal: Saint Exupéry, Antoine de
Formato: Libro
Publicado: Buenos Aires : Ovni press, 2019
Materias:
Etiquetas: Agregar Etiqueta
Sin Etiquetas, Sea el primero en etiquetar este registro!
LEADER 00668nam a22002175a 4500
001 CEM.cems015012
008 130507s2019##################000#0#####d
005 20240508121751.0
245 1 0 |a El principito /  |c Antoine de Saint Exupéry 
260 |a Buenos Aires :  |b Ovni press,  |c 2019 
300 |a 96 p. ; 24x17 cm. 
500 |a Adaptado por Tomás Wortley ; ilustrado por Franco Viglino 
020 |a 9789877245011 
100 1 |a Saint Exupéry, Antoine de 
653 |a Literatura 
653 |a Literatura francesa 
653 |a Novela 
653 |a Novela francesa 
653 |a Comic 
653 |a Historieta 
859 |a CEMS  |b BIB. CEMS - 11 de abril  |h 843  |i Sa21-4  |p 27911.19  |t Ej.1